000 00674nam a2200217Ia 4500
003 BUBTL
008 151213s9999 xx 000 0 und d
020 _a025614138x
082 _a658.049/ B2841t/ 1995
100 _aBartlett, Christopher A
_94375
245 _aTransnational Management : Text, Cases, and Readings in Cross-Border Management/
_cChristopher A.Bartlett, Sumantra Ghoshal
250 _a2nd
260 _aLondon
_bIrwin
_cc1995
300 _a[x], 880p . :
_bill. ; 23cm.
500 _aIncludes Index
650 _aManagement
_93192
700 _aC. A.Bartlett
_93191
856 _k0
_l0
_yDownload
942 _2ddc
_cBK
999 _c1825
_d1825